000 00467nam a2200169 a 4500
001 33600
005 20180714001546.0
008 140415d 000 0 eng d
041 _aeng
082 _a628.51
_bALD
100 1 _aALDEN, JOHN L.
245 1 0 _aDESIGN OF INDUSTRIAL EXHAUST SYSTEMS
250 _a2a ed.
260 _a[s.l.] :
_bTHE INDUSTRIAL PRESS,
_c[s.f.]
300 _a252
650 1 4 _aELIMINACION DEL POLVO
_xINGENIERIA SANITARIA
999 _c33600
_d33600